000 01956nam a2200577 i 4500
001 42478
003 KOSZ 005
005 20240405063139.0
008 021001s2002 pl a f f |000 0 pol
015 _aPB 2002/16362
020 _a8370856446
035 _a991019519199705066
035 _a(PL-WaBN)b15289217-48omnis_nlop
035 _ab15289217
035 _a(OCoLC)830367538
035 _a(PL)b0000001528921
035 _a(EXLNZ-48OMNIS_NETWORK)9910446169705606
040 _aWA N
_cWA N
_dKOSZ 005/HR
041 0 _apol
046 _k2002
080 _a656.2
080 _a005.51
080 _a(0758)
100 1 _aGrajnert, Jacek
_d(1950-2002)
_eAutor
245 1 0 _aMiejsce transportu kolejowego w łańcuchach i sieciach logistycznych /
_cJacek Grajnert, Stanisław Kwaśniowski, Tomasz Nowakowski.
260 _aWrocław :
_bOficyna Wydawnicza Politechniki Wrocławskiej,
_c2002.
300 _a103 s. :
_bil., mapy ;
_c24 cm.
336 _2rdacontent
_aTekst
_btxt
337 _2rdamedia
_aBez urządzenia pośredniczącego
_bn
338 _2rdacarrier
_aWolumin
_bnc
380 _aKsiążki
380 _aPublikacje dydaktyczne
385 _mPoziom nauczania
_aSzkoły wyższe
388 _a2001-
504 _aBibliogr.
648 7 _a1901-2000
648 7 _a2001-
650 7 _aLogistyka gospodarcza
_2DBN
650 7 _aTransport kolejowy
_2DBN
650 7 _aOrganizacja
651 _aEuropa
655 7 _aPodręczniki akademickie
_2DBN
658 _aTransport i logistyka
648 7 _a1989-2000
700 1 _aKwaśniowski, Stanisław
_eAutor
700 1 _aNowakowski, Tomasz
_d(1953- )
_eAutor
710 2 _aOficyna Wydawnicza Politechniki Wrocławskiej
_4pbl
856 _uhttp://koha.tu.koszalin.pl/cgi-bin/koha/opac-detail.pl?biblionumber=42478
_yKatalog online BPK
942 _2UKD
_cKS
999 _c42478
_d42478